000 00447nam a2200193Ia 4500
005 20240823022641.0
008 240823s9999||||xx |||||||||||||| ||und||
020 _a81-297-0393-9
041 _aENGLISH
082 _A005.1 P5
100 _a"Budgen,David"
245 0 _aSoftware Design
250 _a2nd
260 _c2005
_b"Pearson,"
500 _aTRANSFERED
650 _aSoftware
_bSoftware Engineering
942 _cBK
999 _c179677
_d179677